Представление документа в формате MARC21

Поле Инд. ПП Название Значение
Тип записи a
Библиографический уровень m
001 Контрольный номер DU/622220690
005 Дата корректировки 20251217171100.1
020 a ISBN 978-5-903445-35-6
084 a Индекс другой классификации/Индекс ББК 88.251.131; 85.100,57
090 a Полочн. индекс 88.251.131
x Авторский знак П 196
100 1_ a Автор Пастуро М.
q Полное имя Пастуро Мишель
u Дополнение к имени Pastoureau M.
245 10 a Заглавие Цвета нашей памяти
c Ответственность перевод с французского О. Акимовой
246 01 a Другая форма заглавия Les couleurs de nos souvenirs
260 b Издательство Александрия
a Место издания Санкт-Петербург
c Дата издания 2019
300 a Объем 336 с.
336 a Термин вида содержания Текст
337 a Термин типа средства непосредственный
520 0_ a Аннотация Всегда ли джинсы были синими, и почему у Красной Шапочки - шапочка красная? Что такое "беж Миттеран"? Отчего актеры в Европе не любили зеленый цвет? Мир вокруг нас пестрит красками, но задумывались ли мы о том, как цвета влияют на нас, на наш ежедневный выбор, и в итоге - на нашу жизнь? Какую роль играют они в нашей жизни? И как далеко в глубь истории уходят корни нашей коллективной цветовой памяти? Чтобы ответить на эти (и не только эти) вопросы, французский историк Мишель Пастуро, автор "Символической истории европейского Средневековья", предлагает нам свой, персональный "хроматический дневник", охватывающий шесть последних десятилетий (1950-2010). Личные воспоминания, заметки, сделанные по горячим следам, размышления, литературные отступления и итоги многолетних исторических исследований - составили книгу, описывающую "историю цвета" Франции и Европы новейшего времени. Оттенки слов, цветовые гаммы одежды, предметы обихода и ритуалы повседневной жизни, эмблемы и флаги...
541 1_ a Номер заявки 8155
b Заявитель Боклагов Евгений Николаевич
c Факультет/Кафедра/Подразделение Кафедра социологии и гуманитарных наук
d Дата заявки 09.11.2018
f Дисциплина культурология, эстетика и история искусства
h Уровень подготовки Бакалавриат
n Количество экземпляров 2
650 04 a Основная рубрика общая психология
a Основная рубрика познавательные процессы
a Основная рубрика психические процессы
a Основная рубрика психология
653 0_ a Ключевые слова ассоциации
a Ключевые слова воздействие цвета
a Ключевые слова восприятие цвета
a Ключевые слова искусство
a Ключевые слова краски
a Ключевые слова литература
a Ключевые слова мифы
a Ключевые слова орфография
a Ключевые слова предпочтения
a Ключевые слова производство цвета
a Ключевые слова психология восприятия
a Ключевые слова психология памяти
a Ключевые слова семантика цвета
a Ключевые слова символика цвета
a Ключевые слова символы
a Ключевые слова социологические опросы
a Ключевые слова теория цвета
a Ключевые слова флаги
a Ключевые слова Франция
a Ключевые слова французский язык
a Ключевые слова цвет
a Ключевые слова язык цвета
700 12 a Автор Акимова О.
e Роль лиц переводчик
720 a Наименование подборки Конференция «Психология третьего тысячелетия»
e Признак/вид подборки Тематические подборки
720 a Наименование подборки К семинарам по культурологии
e Признак/вид подборки Тематические подборки
900 a Имя электронного ресурса obl_Pasturo_Color of the our memory
x Справочная информация Обложка
900 a Имя электронного ресурса obl_cveta_nashei_pamiaty
901 t Тип документа m
952 a Тип литературы для КСУ ВШ НАУ